Medzinárodné audítorské štandardy a overovanie účtovných závierok a výročných správ audítorom
Nadnárodná legislatívna úprava auditu a jej úloha pri realizácii auditu v podmienkach SR. Aktuálne legislatívne zmeny v nadnárodnej úprave auditu. Národnú legislatívnu úpravu auditu v SR reprezentuje zákon č. 540/2007 Z.z. o audítoroch, audite a dohľade nad výkonom auditu.
Salvato in:
| Autore principale: | |
|---|---|
| Natura: | Capitolo di libro |
| Lingua: | slovacco |
| Soggetti: | |
| Tags: |
Nessun Tag, puoi essere il primo ad aggiungerne!!
|
MARC
| LEADER | 00000naa$a2200000$$$4500 | ||
|---|---|---|---|
| 001 | 0228648 | ||
| 005 | 20240502073747.7 | ||
| 041 | 0 | |a slo | |
| 044 | |a SK | ||
| 245 | 1 | 0 | |a Medzinárodné audítorské štandardy a overovanie účtovných závierok a výročných správ audítorom |c Katarína Hunyady |
| 520 | |a Nadnárodná legislatívna úprava auditu a jej úloha pri realizácii auditu v podmienkach SR. Aktuálne legislatívne zmeny v nadnárodnej úprave auditu. Národnú legislatívnu úpravu auditu v SR reprezentuje zákon č. 540/2007 Z.z. o audítoroch, audite a dohľade nad výkonom auditu. | ||
| 610 | 2 | 0 | |a audit |
| 610 | 2 | 0 | |a audítori |
| 610 | 2 | 0 | |a legislatíva |
| 610 | 2 | 0 | |a štandardy audítorské medzinárodné |
| 610 | 2 | 0 | |a Slovensko |
| 100 | 1 | |a Hunyady, Katarína | |